| 000 | 00530cam a2200205 4500 | ||
|---|---|---|---|
| 001 | D5436 | ||
| 008 | 090401t1984 xxu||||| |||| 00| 0 eng d | ||
| 035 | _a(Sirsi) u50462 | ||
| 041 | _aeng | ||
| 050 | _a692.5 | ||
| 100 | _aHarrison, R.S. | ||
| 245 | _aPricing drainage and external works | ||
| 260 |
_aAscot, Berks _bChartered Institute of Building _c1984 |
||
| 300 | _a4p. 30cm | ||
| 350 | _a0 | ||
| 490 |
_aTechnical Information Service _pEstimating _v37 |
||
| 520 | _aCaption title | ||
| 942 | _n0 | ||
| 948 | _c04/03/1997 | ||
| 999 |
_c92710 _d92710 |
||